MDQL
is popping MORE tags! Check the
thread
!
Quizzes
Events
Quiz Creation
Community
Videos
Private Events
Remove Ads
Sign In
Join for FREE
Feedback
Dark Mode
Quiz Categories
Sports
Geography
Music
Movies
Television
Just For Fun
Miscellaneous
History
Literature
Language
Science
Gaming
Entertainment
Religion
Holiday
For Kids
Quiz Lab
Recent
Popular Today
Quiz Kudos Today
Editor Picks
Curator Picks
Quizzes by...
Day
Popularity
Type
Ratings
Length
Year
Community
Subscriptions
Recent Discussions
Orange Saloon
Badges
Playlists
Quests
Create
Leaderboards
Showdown
Live 5
Trivia Bingo
Activity
Puzzle Library
Sporcle Events
Private Events
Virtual Trivia
Globe League
Become a Host
Pub Owners
SporcleCon
Opinionation
Our Games
Videos
Blog
Mobile Apps
Partnerships
Remove Ads and Go Orange
Feedback
Gaming
Video Games
Board Games
Card Games
Pokémon
Mario
Nintendo
Minecraft
Console
Toys
Legend of Zelda
Gaming
Video Games
Board Games
Card Games
Pokémon
Mario
Nintendo
Minecraft
Console
Toys
Legend of Zelda
Random Quiz
Search Sporcle
×
Quiz Lab
Quiz Lab
Gaming
Nintendo
Type in answers that appear in a list
Type in answers that appear in a list
Classic
Best Score? Go Orange.
Mario Characters by Picture Stats
Can you name the Mario characters by the given pictures above?
By
JakeLoganBlaise
5m
30 Questions
180 Plays
180 Plays
180 Plays
Comments
Comments
Give Quiz Kudos
Give Quiz Kudos
-
- Ratings
hide this ad
Replay
Link that replays current quiz
Next Quiz
Link to next quiz in quiz playlist
You Got
0%
They Got
Avg Score
62%
Avg Friend Score
Upgrade to see
Score Distribution
Jump to the score distribution portion of the page
Score
0/30
Timer
05:00
0
Plays Today
Number
Character
% Correct
1
Mario
97.2%
2
Luigi
92.8%
10
Princess Peach
89.4%
5
Bowser
82.2%
15
Yoshi
81.1%
11
Princess Daisy
80.6%
3
Wario
77.2%
12
Toad
75.6%
4
Waluigi
71.7%
6
Baby Bowser
71.1%
7
Donkey Kong
70.6%
17
Baby Mario
64.4%
8
Diddy Kong
63.9%
19
Boo
63.3%
18
Baby Luigi
62.8%
Number
Character
% Correct
20
Koopa Troopa
62.8%
16
Birdo
60%
23
Goomba
59.4%
13
Toadette
58.9%
24
Dry Bones
54.4%
9
Dixie Kong
48.9%
22
Shy Guy
48.3%
25
Hammer Bro
47.2%
26
Bullet Bill
46.7%
14
Toadsworth
45%
29
Lakitu
40.6%
30
Wiggler
40%
27
Petey Piranha
37.8%
28
Piranha Plant
37.8%
21
Koopa Paratroopa
32.2%
Quiz Playlist
Details
Report
Send in Message
Add To Playlist
Classic:
Type in answers that appear in a list
Last Updated: Mar 28, 2018
Quiz Scoreboard
CHALLENGE
Sign Up to Join the Scoreboard
Show All
Scores
Hide
Comments
May contain spoilers
Recently Published
Colored Red Africa Blitz
by spor1
Geography
30s
Find the 'City' Movie
by crazypaving
Movies
60s
5x2 Blitz: Bands
by SL_Kpop136
Music
30s
More to Explore
Quiz From the Vault
Featured Blog Post
14 Easter Pick-up Lines to Find Eggs With
hide this ad
You Might Also Like...
Tags
Mario Quiz
Nintendo Quiz
Character
Today's Top Quizzes in Gaming
Browse Gaming
hide this ad
Today's Top Quizzes in Nintendo
Browse Nintendo
Top Contributed Quizzes in Gaming
1
Dead By Daylight Logic Puzzle
2
Destiny 2 exotic weapons by perk icons
3
League of Legends Pro Players by Career/Team History
4
Genshin Impact Logic Puzzle Quiz II
5
Windmill: Elements
6
Minecraft Typing Challenge
7
Pokémon Spelling Bee
8
Genshin murder mystery
9
Legendary or Exotic?
10
Overwatch 2: Ultimate Ability Icons
Explore More
Trending Topics
Anime
Crossword
Disney
Marvel
Kpop
Harry Potter
NBA
Country
Song
NFL
Pokémon
Soccer
WWE
Puzzle
The Office
hide this ad
More By:
JakeLoganBlaise
Quiz
Plays
Rating
Category
Featured
Created
Sports Apparel Brands by Logo
163,308
4.18
Sports
Apr 27, 2012
NBA Chain Game
137,661
2.36
Sports
May 22, 2012
NBA No Ring MVP's (Clickable Minefield)
6,612
2.86
Sports
May 17, 2012
NBA 20+ Triple-Doubles (Clickable)
717
4.00
Sports
Apr 28, 2012
Guess the Cheese
406
1.40
Sports
May 31, 2012
Go to Creator's Profile
Score Distribution
Quiz Creator Spotlight
JakeLoganBlaise
Follow
Send a Message
Quizzes Created
-
Created Quiz Play Count
-
More By This Creator
Popular Quizzes Today
1
Find the 'City' Movie
2
Colored Red Africa Blitz
3
Find the US States - No Outlines Minefield
4
5x2 Blitz: Bands
5
The Countries of the World
6
Find the US States
7
US States
8
9x9 Crossword: Cartoon Network
More Gaming Quizzes
Board Game, or Out-and-Out Baddie?
Editor's Pick
Trending Quizzes
Colored Red Europe Blitz I
Colored Red Africa Blitz II
Colored Red Europe Blitz II
Colored Red Africa Blitz III
Colored Red Europe Blitz III
Recently Updated
2024 March Madness Bracket
pecheneg
Famous TV Couples
Peacemaker
Champions League XIs: Real Madrid
pecheneg
Largest US Cities 1790-2010
pecheneg
Rides in Walt Disney World
pecheneg
Most Oscar Losses (Acting)
pecheneg
Beyoncé Albums
pecheneg
Leaping Animals
pecheneg
Reality TV Shows (A-Z)
bhenderson79
Rickey Henderson's Hall of Fame Teammates
pecheneg
Trending Topics
Kpop
Anime
Crossword
Harry Potter
Marvel
NBA
Disney
Song
Puzzle
WWE
Soccer
Pokémon
NFL
The Office
Country
Your Account Isn't Verified!
In order to create a playlist on Sporcle, you need to verify the email address you used during registration. Go to your
Sporcle Settings
to finish the process.
Report this User
Report this user for behavior that violates our
Community Guidelines
.
Details:
Send Report
Go to the Sporcle.com Mobile Site →
Comments